01999nam a2200349 a 4500001001200000003000800012006001900020007001500039008004100054010001700095020004100112020003800153020002700191040002100218035002100239050002500260082001400285100002300299245015200322260005000474300002500524500002000549505064600569533015201215650002401367650002601391650004101417655002901458710001701487856012601504999001901630ebr10520072CaPaEBRm u cr cn|||||||||070731s2008 flua s 001 0 eng d z 2007030816 z9781932159653 (hardcover alk. paper) z1932159657 (hardcover alk. paper) z9781604276527 (e-book) aCaPaEBRcCaPaEBR a(OCoLC)71938777914aHD38.5b.S549 2008eb04a658.72221 aSheldon, Donald H.10aLean materials planning and executionh[electronic resource] :ba guide to internal and external supply management excellence /cDonald H. Sheldon. aFt. Lauderdale, Fla. :bJ. Ross Pub.,cc2008. axvii, 252 p. :bill. aIncludes index.0 aEvolution of materials management and lean -- Applying lean to the planning process and how it affects materials planning -- Lean and excellence in supply management -- Data integrity in lean environments -- Master scheduling in lean materials management -- Materials planning for excellence in lean environments -- Warehouse management and organization -- Top management sales and operations planning -- Demand planning -- Integrating lean and six sigma with enterprise resource planning -- Metrics in lean materials management -- High-performance management systems -- Software tools -- Education and training in lean materials management. aElectronic reproduction.bPalo Alto, Calif. :cebrary,d2012.nAvailable via World Wide Web.nAccess may be limited to ebrary affiliated libraries. 0aBusiness logistics. 0aMaterials management. 0aSix sigma (Quality control standard) 7aElectronic books.2local2 aebrary, Inc.40uhttp://site.ebrary.com/lib/rucke/Doc?id=10520072zAn electronic book accessible through the World Wide Web; click to view c140882d140882